Τα σκυλιά του Αγίου Βερνάρδου

Saved in:
Bibliographic Details
Main Author: Γρηγοριάδου-Σουρέλη, Γαλάτεια, 1930-2016
Other Authors: Βοζαλής, Νίκος (Illustrator)
Format: Book
Language:Greek
Published: Αθήνα: Αγροτικές Συνεταιριστικές Εκδόσεις, 1985.
Series:Χαρταετός. Βιβλία για παιδιά.
Subjects:
Tags: Add Tag
No Tags, Be the first to tag this record!

MARC

LEADER 00000cam a2200000 a 4500
001 1/124415
008 220223s1985####gr | ||| |||| ||gre||
040 |a GR-MyUa  |b gre  |c GR-MyUa  |e AACR2 
041 0 |a gre 
082 7 |a 889.3   |2 (23)  
100 1 |a Γρηγοριάδου-Σουρέλη, Γαλάτεια,   |d 1930-2016. 
245 1 3 |a Τα σκυλιά του Αγίου Βερνάρδου /   |c Γαλάτεια Γρηγοριάδου-Σουρέλη ; εικόνες: Νίκος Βοζάλης.  
260 |a Αθήνα:   |b Αγροτικές Συνεταιριστικές Εκδόσεις,   |c 1985.  
300 |a 130 σ. :   |b εικ. ;   |c 24 εκ.  
490 1 |a (Χαρταετός - Βιβλία για παιδιά)  
650 0 |a Greek literature. 
650 0 |a Children's literature, Greek (Modern) 
700 1 |a Βοζαλής, Νίκος,  |e ill 
830 0 |a Χαρταετός.   |p Βιβλία για παιδιά. 
970 |a Σιδερή   |b Νεκταρία   |z 2022/02/23